| 000 | 00841nas a2200289 4500 | ||
|---|---|---|---|
| 001 | BR9207232 | ||
| 003 | BR-BrBNA | ||
| 005 | 20231205095007.0 | ||
| 007 | ta | ||
| 008 | 230509b bl.|||p| |||| 00| 00por d | ||
| 040 |
_aBR-BrBNA _bpor _cBiblioteca Nacional de Agricultura |
||
| 041 | _a(Pt) | ||
| 072 | _aL51 | ||
| 100 | 1 | _aCastro, F.B. de | |
| 100 | 1 | _aMachado, P.F. | |
| 245 | 1 | _aAvaliacao do processo de digestao do bagaco de cana-de-acucar tratado sob processo e vapor | |
| 650 | _aBovino | ||
| 650 | _aNutricao Animal | ||
| 650 | _aRumen | ||
| 650 | _aDigestao | ||
| 650 | _aBagaco | ||
| 650 | _aCana de Acucar | ||
| 650 | _aDieta | ||
| 773 | 0 |
_tBoletim de Industria Animal (Brazil) _xISSN 0067-9615 _g(Jul-Dec 1989), v. 46(2) p. 213-217 _wBR9207232 |
|
| 909 |
_a202311 _bLúcia _c55 _dLúcia Elande |
||
| 942 |
_2AGRIS _n0 _cANA |
||
| 999 |
_c148145 _d148145 |
||